Pro-apoptotic Effect of Soy Total Extract Incorporated in Lyotropic Liquid Crystals Formulation

Elmentve itt :
Bibliográfiai részletek
Szerzők: Danciu Corina
Biris Marius
Balázs Boglárka
Csányi Erzsébet
Pavel Zinuca Ioana
Pop Georgeta
Soica Codruta
Ceuta Lavinia
Nita Lucian
Morgovan Claudia
Stoian Dana
Dokumentumtípus: Cikk
Megjelent: 2015
Sorozat:REVISTA DE CHIMIE 66 No. 7
mtmt:2925967
Online Access:http://publicatio.bibl.u-szeged.hu/6640
LEADER 00998nab a2200301 i 4500
001 publ6640
005 20181008085706.0
008 160503s2015 hu o 0|| zxx d
022 |a 0034-7752 
024 7 |a 2925967  |2 mtmt 
040 |a SZTE Publicatio Repozitórium  |b hun 
041 |a zxx 
100 1 |a Danciu Corina 
245 1 0 |a Pro-apoptotic Effect of Soy Total Extract Incorporated in Lyotropic Liquid Crystals Formulation  |h [elektronikus dokumentum] /  |c  Danciu Corina 
260 |c 2015 
300 |a 1038-1041 
490 0 |a REVISTA DE CHIMIE  |v 66 No. 7 
700 0 1 |a Biris Marius  |e aut 
700 0 1 |a Balázs Boglárka  |e aut 
700 0 1 |a Csányi Erzsébet  |e aut 
700 0 1 |a Pavel Zinuca Ioana  |e aut 
700 0 1 |a Pop Georgeta  |e aut 
700 0 1 |a Soica Codruta  |e aut 
700 0 1 |a Ceuta Lavinia  |e aut 
700 0 1 |a Nita Lucian  |e aut 
700 0 1 |a Morgovan Claudia  |e aut 
700 0 1 |a Stoian Dana  |e aut 
856 4 0 |u http://publicatio.bibl.u-szeged.hu/6640/1/DANCIU_C.pdf_7_15_u.pdf  |z Dokumentum-elérés